[Event "Cadiz Region-ch Youth+Experts"]
[Site "Chipiona"]
[Date "2016.02.06"]
[Round "1.4"]
[White "Santaella Amate, Sebastian"]
[Black "Oliva Lobato, Pedro A"]
[Result "0-1"]
[WhiteElo "1840"]
[BlackElo "2120"]
[PlyCount "62"]
[EventDate "2016.02.06"]
[EventType "swiss"]
[EventRounds "6"]
[EventCountry "ESP"]
[SourceTitle "EXT 2024"]
[Source "ChessBase"]
[SourceDate "2023.10.10"]
[SourceVersion "1"]
[SourceVersionDate "2023.10.10"]
[SourceQuality "1"]

1. e4 e5 2. Nf3 Nc6 3. Bc4 Be7 4. d4 d6 5. h3 Nf6 6. Nc3 0-0 7. 0-0 a6 8. Be3 b5 9. Bd3 Bb7 10. a3 exd4 11. Nxd4 Nxd4 12. Bxd4 c5 13. Bxf6 Bxf6 14. Re1 Re8 15. Qg4 Bxc3 16. bxc3 Qf6 17. c4 Bc6 18. cxb5 axb5 19. Rad1 Rxa3 20. Re3 Ra1 21. Rxa1 Qxa1+ 22. Kh2 g6 23. f4 c4 24. Be2 Rxe4 25. Qc8+ Kg7 26. Rxe4 Bxe4 27. Qd7 Qf6 28. Kg3 Qc3+ 29. Bf3 Qe1+ 30. Kh2 Bxf3 31. gxf3 Qf2+ 0-1

[Event "Cadiz-ch Youth+Experts"]
[Site "Chiclana"]
[Date "2015.02.21"]
[Round "2.3"]
[White "Liz Abelaira, David"]
[Black "Oliva Lobato, Pedro A"]
[Result "1-0"]
[WhiteElo "1951"]
[BlackElo "2155"]
[PlyCount "49"]
[EventDate "2015.02.21"]
[EventType "swiss"]
[EventRounds "6"]
[EventCountry "ESP"]
[SourceTitle "EXT 2024"]
[Source "ChessBase"]
[SourceDate "2023.10.10"]
[SourceVersion "1"]
[SourceVersionDate "2023.10.10"]
[SourceQuality "1"]

1. e4 c5 2. Nf3 e6 3. d4 cxd4 4. Nxd4 Nf6 5. Nc3 d6 6. Be3 Be7 7. f3 0-0 8. Qd2 a6 9. g4 b5 10. 0-0-0 Qc7 11. Nb3 Nc6 12. h4 Ne5 13. Be2 Nc4 14. Bxc4 bxc4 15. Nd4 Rb8 16. Rdg1 Qb7 17. Nd1 Nd7 18. g5 d5 19. h5 Ba3 20. g6 Bxb2+ 21. Nxb2 Qxb2+ 22. Kd1 Nf6 23. e5 Ne8 24. Nc6 d4 25. Bxd4 1-0

[Event "San Fernando op 16th"]
[Site "Cadiz"]
[Date "2002.07.28"]
[Round "6"]
[White "Oliva Lobato, Pedro A"]
[Black "Campos Gambuti, Luis Maria"]
[Result "0-1"]
[WhiteElo "2168"]
[BlackElo "2439"]
[PlyCount "104"]
[EventDate "2002.07.24"]
[EventType "swiss"]
[EventRounds "7"]
[EventCountry "ESP"]
[SourceTitle "CBM 089 Extra"]
[Source "ChessBase"]
[SourceDate "2002.09.10"]
[SourceVersion "2"]
[SourceVersionDate "2002.09.10"]
[SourceQuality "1"]

1. d4 d5 2. Nf3 c5 3. c4 dxc4 4. Qa4+ Nc6 5. dxc5 Nf6 6. Qxc4 e5 7. Nc3 Be6 8. Qa4 Bxc5 9. Nxe5 Qd4 10. Nd3 0-0 11. Nxc5 Qxc5 12. e3 Bf5 13. Be2 Nb4 14. 0-0 Nc2 15. e4 Nxe4 16. Nxe4 Bxe4 17. Qxe4 Rfe8 18. Qf3 Nd4 19. Qxb7 Rab8 20. Qd7 Rbd8 21. Qh3 Nxe2+ 22. Kh1 Nxc1 23. Raxc1 Qa5 24. Qb3 h6 25. h3 Rb8 26. Qc3 Qxc3 27. bxc3 Rb2 28. c4 Rc8 29. Rb1 Rxa2 30. Ra1 Rc2 31. Rxa7 R8xc4 32. Kg1 h5 33. Ra5 g6 34. Rb5 Kg7 35. Ra5 h4 36. Rb5 Kh6 37. Ra5 Rf4 38. Rb5 Rd2 39. Rb3 Kg5 40. Rf3 Rxf3 41. gxf3 Kf4 42. Kg2 Rd5 43. Ra1 Rg5+ 44. Kf1 Kxf3 45. Ra3+ Kf4 46. Ra4+ Kf5 47. Ra5+ Kf6 48. Ra6+ Kg7 49. Ra4 Rh5 50. Kg2 Rh8 51. Rb4 Kf6 52. Rb6+ Kg5 0-1

[Event "Sanlucar op 15th"]
[Site "Sanlucar"]
[Date "2001.08.10"]
[Round "5"]
[White "Rahal, Michael"]
[Black "Oliva Lobato, Pedro A"]
[Result "1-0"]
[WhiteElo "2404"]
[BlackElo "2176"]
[PlyCount "61"]
[EventDate "2001.08.06"]
[EventType "swiss"]
[EventRounds "7"]
[EventCountry "ESP"]
[SourceTitle "EXT 2002"]
[Source "ChessBase"]
[SourceDate "2001.11.25"]
[SourceVersion "1"]
[SourceVersionDate "2001.11.25"]
[SourceQuality "1"]

1. e4 c5 2. Nf3 e6 3. d4 cxd4 4. Nxd4 Nf6 5. Nc3 d6 6. Be3 Be7 7. f3 0-0 8. Qd2 Nc6 9. 0-0-0 a6 10. g4 Nd7 11. h4 Nxd4 12. Bxd4 b5 13. g5 b4 14. Na4 Qa5 15. b3 Nc5 16. Bxc5 dxc5 17. Bc4 Rd8 18. Qf4 Bd7 19. h5 Bxa4 20. bxa4 Rxd1+ 21. Rxd1 Rd8 22. g6 Rxd1+ 23. Kxd1 Qd8+ 24. Ke2 hxg6 25. hxg6 fxg6 26. Qg4 Kh7 27. Bxe6 Bh4 28. f4 Qe7 29. e5 a5 30. Bd5 Kh6 31. Bf7 1-0